000 00675nam a22002297a 4500
001 BD-DhSAU 539
003 BD-DhSAU
005 20150104201212.0
008 150104b1999 ii a|||| |||| 001 0 eng d
020 _a8173712352
040 _cBD-DhSAU
082 _222
_a631.583
_bCHG
100 _aChristianson, Gale E.
245 _aGreen house :
_bthe 200 year story of global warming /
_cGale E Christianson.
260 _aHyderabad, India :
_bUniversities press ;
_c1999
300 _axiii, 305 p. :
_bill. ;
_c23 cm.
504 _aInclude bibliographical references and index.
590 _ajoy
650 _aAgronomy.
650 _aGreen House
650 _aGlobal warming.
942 _2ddc
_cBOOK
999 _c539
_d539